Responses for Show #4998 - Wednesday, May 10, 2006

2006 Tournament of Champions quarterfinal game 3.

Contestants

[<< previous game]

Vik Vaz, a medical student from Austin, Texas

Jason Richards, a pharmacy technician from Old Town, Maine

Kerry Breitenbach, a marketing analyst from Cleveland, Ohio

[next game >>]

Jeopardy! Round responses

OPERA HOUSES
BRUCE SPRINGSTEEN
WHEN AUSTRALIAN ANIMALS ATTACK
LEGAL TYPES
IT'S ON THE MAP
LETTER PERFECT
    $200 1
the Metropolitan Opera

Kerry
    $200 6
"Born To Run"

Kerry
    $200 21
a koala

Vik
    $200 26
jurors

Jason
    $200 11
Japan

Vik
    $200 16
L

Vik
    $400 2
La Scala

Kerry
    $400 7
Asbury

Jason
    $400 23
a dingo

Kerry
    $400 27
a character witness

Vik
    $400 15
Peru

Kerry
    $400 20
O

Vik
    $600 3
the Sydney Opera House

Vik
    $600 8
"Glory Days"

Kerry
    $600 22
a platypus

Jason
    $600 30
Special Counsel

Vik
    $600 14
Cyprus

Vik
    $600 19
B

Jason
    $800 5
Wagner

Kerry
    $800 9
Nebraska

Jason
    $800 24
a kangaroo

Jason
    $800 29
a clerk

Vik
    $800 13
Yemen

Jason
    $800 18
(Alex: No musicians among you? What is [*]?)

E

Triple Stumper
    $1,000 4
The Beggar's Opera

Vik
    $1000 10
Pete Seeger

Jason
    $1000 25
an emu

Kerry
    $1000 28
(Jason: What's a marshal?)
(Vik: What is a... uh... public defender?)
(Alex: Kerry's not going to ring in... no, well, you are going to ring in. All right.)
(Kerry: What is a U.S. Attorney?)
(Alex: No. No harm, no foul, you all lost the same amount because we were going for [*]. [*]. Vik, back to you.)

a magistrate

KerryJasonVik
Triple Stumper
    $1000 12
(Kerry: What is Somalia?)

Mozambique

KerryVik
    $1000 17
h

Vik

Scores at the first commercial break (after clue 15):

Kerry Jason Vik
$1,600 $3,000 $3,400

Scores at the end of the Jeopardy! Round:

Kerry Jason Vik
$2,000 $4,200 $6,000

Double Jeopardy! Round responses

THE NEW YORK TIMES ARTS
TV NUMBERS
ALTERNATIVE ENERGY
POLITICIANS
SHORT FICTION
PARLEZ-VOUS ANGLAIS?
(Alex: Each clue will contain a literal translation of a French term. You have to give us that French expression.)
    $400 26
Pollock

Vik
    $400 6
60 Minutes

Vik
    $400 19
solar (cells)

Vik
    $400 14
Chicago

Vik
    $400 11
Hemingway

Kerry
    $400 1
papier-mâché

Kerry
    $800 30
Arrested Development

Jason
    $800 7
Dragnet

Kerry
    $800 25
(Alex: Now's the time for it.)

geothermal

Kerry
    $800 18
Trent Lott

Jason
    $800 12
the Jazz Age

Kerry
    $800 2
a cul-de-sac

Kerry
    $1200 29
(Vik: What is Major Barbara?)

Mrs. Warren's Profession

KerryVik
    $1200 8
24

Kerry
    $1200 22
(Kerry: What is geothermal?)

hydroelectric

KerryVik
    $1200 17
Nelson Rockefeller

Jason
    $1200 13
Salem

Jason
    $1200 3
à la carte

Jason
    $1600 28
La Traviata

Vik
    $1600 9
Lost

Kerry
    $1600 20
nuclear power

Kerry
    $4,000 15
John C. Calhoun

Vik
    $4,000 23
(Alex: You got her. Well done.)

Eudora Welty

Vik
    $1600 4
a rendezvous

Jason
    $2000 27
(Jason: Who is Euripides?)

Aeschylus

JasonVik
    $2000 10
Adam-12

Triple Stumper
    $2000 21
(Vik: What is [*]?)
(Alex: We'll accept that.)

ethanol

Vik
    $2000 16
James G. Blaine

Vik
    $2000 24
Philip Dick

Jason
    $2000 5
an entrepreneur

Jason

Scores at the end of the Double Jeopardy! Round:

Kerry Jason Vik
$10,400 $13,000 $23,200

Final Jeopardy! Round responses

CHARACTERS IN SHAKESPEARE
(Alex: As soon as you say Samuel Taylor Coleridge you think of... [sighs] what? But not a character in Shakespeare.)
...
(Alex: [To Kerry] Who--"Who [*]"? You're going back to something I was doing yesterday--Tarzan. Me Tarzan, you say "Who [*]"? Who [*] right.)
...
(Alex: [To Jason] Malignity--[*] was out to get him.)
KerryWho Iago
$399
JasonWho is Othello?
$2,000
VikWho is Iago?
$2,801
Iago

Final scores:

Kerry Jason Vik
$10,799 $11,000 $26,001
3rd place: $5,000 if eliminated 2nd place: $5,000 if eliminated Automatic semifinalist

Game dynamics:

Coryat scores:

Kerry Jason Vik
$10,400 $13,000 $18,400
18 R,
3 W
16 R,
2 W
23 R
(including 3 DDs),
2 W

Combined Coryat: $41,800

[game clues] [game scores] [suggest correction]

Game tape date: 2006-04-10
The J! Archive is created by fans, for fans. Scraping, republication, monetization, and malicious use prohibited; this site may use cookies and collect identifying information. See terms. The Jeopardy! game show and all elements thereof, including but not limited to copyright and trademark thereto, are the property of Jeopardy Productions, Inc. and are protected under law. This website is not affiliated with, sponsored by, or operated by Jeopardy Productions, Inc. Join the discussion at JBoard.tv.